Účtovná závierka k 31. decembru 2017 v sústave jednoduchého účtovníctva
Povinnosť podnikateľov viesť účtovníctvo ustanovuje § 35 zákona č. 513/1991 Zb. Obchodný zákonník v z. n. p., a to v rozsahu a spôsobom ustanoveným osobitným predpisom, ktorým je zákon č. 431/2002 Z. z. o účtovníctve v z. n. p.
Gespeichert in:
| 1. Verfasser: | |
|---|---|
| Format: | Buchkapitel |
| Sprache: | Slowakisch |
| Schlagworte: | |
| Tags: |
Keine Tags, Fügen Sie das erste Tag hinzu!
|
MARC
| LEADER | 00000naa a2200000 4500 | ||
|---|---|---|---|
| 001 | 0237518 | ||
| 005 | 20171122125420.0 | ||
| 041 | 0 | |a slo | |
| 044 | |a SK | ||
| 245 | 1 | 0 | |a Účtovná závierka k 31. decembru 2017 v sústave jednoduchého účtovníctva |c Eva Gášpárová |
| 520 | |a Povinnosť podnikateľov viesť účtovníctvo ustanovuje § 35 zákona č. 513/1991 Zb. Obchodný zákonník v z. n. p., a to v rozsahu a spôsobom ustanoveným osobitným predpisom, ktorým je zákon č. 431/2002 Z. z. o účtovníctve v z. n. p. | ||
| 610 | 2 | 0 | |a závierka účtovná |
| 610 | 2 | 0 | |a pravidlá účtovné |
| 610 | 2 | 0 | |a podnikatelia |
| 610 | 2 | 0 | |a zákony |
| 610 | 2 | 0 | |a účtovníctvo jednoduché |
| 100 | 1 | |a Gášpárová, Eva | |